[Event "29th Czech Rapid G1 2018"]
[Site "Pardubice CZE"]
[Date "2018.07.18"]
[Round "1.1"]
[White "Movsesian, Sergei"]
[Black "Vokoun, Jan"]
[Result "1-0"]
[WhiteTitle "GM"]
[BlackTitle "FM"]
[WhiteElo "2635"]
[BlackElo "2124"]
[WhiteFideId "310204"]
[BlackFideId "301647"]
[EventDate "2018.07.18"]

1. e4 g6 2. d4 Bg7 3. Nc3 c6 4. h3 d6 5. Be3 b5 6. f4 b4 7. Nce2 Nf6 8. Ng3 Qb6
9. Qd2 a5 10. Nf3 Nbd7 11. Bd3 Ba6 12. O-O O-O 13. f5 Bxd3 14. cxd3 Qb5 15. Rad1
c5 16. Kh1 Rac8 17. dxc5 Nxc5 18. Nd4 Qb7 19. Bh6 Ncd7 20. Bxg7 Kxg7 21. fxg6
hxg6 22. Ngf5+ 1-0

[Event "29th Czech Rapid G1 2018"]
[Site "Pardubice CZE"]
[Date "2018.07.18"]
[Round "1.2"]
[White "Mosesov, Danylo"]
[Black "Bernadskiy, Vitaliy"]
[Result "0-1"]
[WhiteTitle "FM"]
[BlackTitle "GM"]
[WhiteElo "2282"]
[BlackElo "2586"]
[WhiteFideId "14149494"]
[BlackFideId "14100371"]
[EventDate "2018.07.18"]

1. Nf3 d5 2. c4 e6 3. g3 g6 4. Bg2 Bg7 5. O-O Ne7 6. d4 Nbc6 7. Nc3 O-O 8. cxd5
exd5 9. Bf4 a6 10. Qd2 Nf5 11. Rfd1 h6 12. Ne5 g5 13. Be3 Nxe5 14. dxe5 Nxe3 15.
Qxe3 c6 16. Na4 Qe7 17. Nb6 Rb8 18. Nxc8 Rbxc8 19. f4 f6 20. e6 f5 21. fxg5 hxg5
22. Rd2 Rce8 23. Rf1 g4 24. Qb3 Kh8 25. Kh1 Rf6 26. Rdd1 Ref8 27. Rf2 Rxe6 28.
Rdf1 Re5 29. Qc2 Qe6 30. h3 Bh6 31. hxg4 Be3 32. Bf3 Bxf2 33. Rxf2 Kg7 34. gxf5
Qxf5 35. Qc3 Qg5 36. Rh2 Rh8 37. Rxh8 Kxh8 38. Kg2 Kg8 39. Qb4 Qe7 40. Qg4+ Rg5
41. Qc8+ Kg7 42. b3 Rg6 43. a4 Rf6 44. Qg4+ Rg6 45. Qc8 a5 46. Qb8 Rd6 47. Qa7
Rg6 48. Qb8 d4 49. Qa7 Qb4 50. Qb8 Qe7 51. Qa7 Qd7 52. Qxa5 Qd6 53. g4 Rh6 54.
Qg5+ Kh8 55. Kf2 Rh2+ 56. Ke1 d3 57. Qe3 dxe2 58. Bxe2 Rh1+ 59. Kf2 Qh2+ 60. Kf3
Qh3+ 61. Ke4 Qxe3+ 62. Kxe3 Rh3+ 63. Kd4 Rxb3 64. Kc5 Ra3 65. Kb4 Re3 66. Bc4
Re5 67. Bd3 Kg7 68. a5 Kf6 69. Bf5 Rb5+ 70. Ka4 Ke5 71. Bc8 Kd6 72. a6 b6 73.
Ka3 Kc7 74. Bb7 Rg5 0-1

[Event "29th Czech Rapid G1 2018"]
[Site "Pardubice CZE"]
[Date "2018.07.18"]
[Round "1.3"]
[White "Paravyan, David"]
[Black "Claridge-Hansen, William"]
[Result "1-0"]
[WhiteTitle "GM"]
[BlackTitle "FM"]
[WhiteElo "2638"]
[BlackElo "2291"]
[WhiteFideId "4194985"]
[BlackFideId "422509"]
[EventDate "2018.07.18"]

1. d4 Nf6 2. c4 e6 3. g3 d5 4. Bg2 Bb4+ 5. Bd2 Be7 6. Nf3 O-O 7. O-O c6 8. Na3
a6 9. Qb3 b5 10. cxd5 cxd5 11. Rfc1 Bb7 12. Ne5 Qb6 13. Nc2 a5 14. g4 Ne4 15.
Bf4 a4 16. Qe3 g5 17. Bg3 f6 18. Nd3 Nd7 19. h4 h6 20. Bh2 f5 21. f3 a3 22. gxf5
exf5 23. fxe4 dxe4 24. Ne5 axb2 25. Qb3+ Kh7 26. Nxd7 bxc1=Q+ 27. Rxc1 Qg6 28.
Qxb5 Bc6 29. Nxf8+ Bxf8 30. Qb6 f4 31. h5 Qf6 32. Bxe4+ 1-0

[Event "29th Czech Rapid G1 2018"]
[Site "Pardubice CZE"]
[Date "2018.07.18"]
[Round "1.4"]
[White "Valenta, Vit"]
[Black "Potapov, Pavel"]
[Result "0-1"]
[WhiteTitle "FM"]
[BlackTitle "GM"]
[WhiteElo "2039"]
[BlackElo "2500"]
[WhiteFideId "307440"]
[BlackFideId "4169786"]
[EventDate "2018.07.18"]

1. b4 e5 2. Bb2 d6 3. g3 f5 4. Bg2 Nf6 5. d3 g6 6. Nd2 Bg7 7. Ngf3 O-O 8. O-O h6
9. c4 Nc6 10. b5 Ne7 11. e3 Be6 12. a4 g5 13. d4 e4 14. Ne1 d5 15. cxd5 Bxd5 16.
Nc2 Ng6 17. Nb4 Bf7 18. Rc1 Re8 19. Nc4 f4 20. exf4 gxf4 21. Ne5 Qe7 22. Qe1 f3
23. Bh3 Nxe5 24. dxe5 Nd5 25. Nxd5 Bxd5 26. Qe3 c6 27. Rfd1 Qg5 28. Qxg5 hxg5
29. bxc6 bxc6 30. Bd7 Red8 31. Bf5 Rf8 32. Bg4 Rae8 33. Bd7 Rd8 34. Bg4 Rfe8 35.
Bd4 Bb3 36. Rd2 Bxe5 37. Be3 Bxa4 38. Ra2 Bb5 39. Rxa7 Bf6 40. Rd7 Rxd7 41. Bxd7
Rd8 42. Bf5 Re8 43. Bd7 Ra8 44. h3 Ra6 45. Bf5 Bd3 46. Bc8 Ra5 47. Rxc6 Bb2 48.
Kh2 Kf7 49. Be6+ Ke7 50. Bg4 Bf6 51. Rc7+ Kd6 52. Rd7+ Kc6 53. Rf7 Bd8 54. Rd7
Bb6 55. Bxb6 Kxb6 56. h4 Ra2 57. hxg5 Rxf2+ 58. Kg1 Rg2+ 59. Kh1 Rxg3 60. Bh5 f2
61. Rf7 0-1

[Event "29th Czech Rapid G1 2018"]
[Site "Pardubice CZE"]
[Date "2018.07.18"]
[Round "1.5"]
[White "Plat, Vojtech"]
[Black "Nikologorsky, Matfei"]
[Result "1-0"]
[WhiteTitle "GM"]
[WhiteElo "2543"]
[BlackElo "2222"]
[WhiteFideId "325740"]
[BlackFideId "24102474"]
[EventDate "2018.07.18"]

1. d4 Nf6 2. c4 g6 3. g3 d5 4. cxd5 Nxd5 5. Bg2 Bg7 6. e4 Nb6 7. Ne2 c5 8. d5 e6
9. O-O exd5 10. exd5 O-O 11. Nec3 Na6 12. Na3 h5 13. Be3 h4 14. Qd2 h3 15. Bh1
Bf5 16. Rfe1 Re8 17. Rad1 Rc8 18. Bg5 Qd7 19. d6 Bg4 20. Rc1 Nb4 21. Ne4 N6d5
22. Nc2 Rxe4 23. Bxe4 Nxc2 24. Rxc2 Nb4 25. Rcc1 Bd4 26. Be3 Qxd6 27. Bxd4 cxd4
28. Rxc8+ Bxc8 29. Qf4 Qe6 30. Qd2 Qd6 31. Qg5 Nc6 32. Bd3 Bd7 33. Bc4 Kg7 34.
Qf4 Qxf4 35. gxf4 Kf6 36. Rd1 Be6 37. Bb5 Bxa2 38. Bxc6 bxc6 39. Rxd4 Bd5 40. f3
Bxf3 41. Kf2 Bg2 42. Ra4 g5 43. fxg5+ Kxg5 44. Rxa7 f6 45. Ke3 Kf5 46. Ra5+ Kg4
47. Ra4+ Kf5 48. Rf4+ Ke5 49. b4 Bd5 50. Rh4 Bg2 51. Rf4 Bd5 52. Rg4 f5 53. Rh4
Bg2 54. Rh5 Bf1 55. Kf3 Bg2+ 56. Kg3 Ke4 57. Rh4+ Ke5 58. Rc4 Kd5 59. Rc5+ Ke6
60. Kf4 Be4 61. Rc3 Bg2 62. Rd3 Bf1 63. Re3+ Kf6 64. Re8 Kg6 65. Re6+ Kf7 66.
Rxc6 Bg2 67. Rc5 Be4 68. Rxf5+ 1-0

[Event "29th Czech Rapid G1 2018"]
[Site "Pardubice CZE"]
[Date "2018.07.18"]
[Round "1.6"]
[White "Roessler, Ulrike"]
[Black "Boruchovsky, Avital"]
[Result "0-1"]
[WhiteTitle "WIM"]
[BlackTitle "GM"]
[WhiteElo "2137"]
[BlackElo "2558"]
[WhiteFideId "4622650"]
[BlackFideId "2800055"]
[EventDate "2018.07.18"]

1. e4 c6 2. d4 d5 3. e5 c5 4. c3 Nc6 5. Nf3 Bg4 6. h3 Bxf3 7. gxf3 e6 8. a3 Nge7
9. Bg5 Qb6 10. dxc5 Qxb2 11. Nd2 Qxc3 12. f4 Nf5 13. Rc1 Qxa3 14. Nf3 Bxc5 15.
Bd3 h6 16. Bh4 Nxh4 17. Nxh4 Qb4+ 18. Kf1 Qxf4 19. Rxc5 Qxh4 20. Bb5 O-O 21.
Bxc6 bxc6 22. Qf3 Rab8 23. Kg2 Qg5+ 24. Kh2 Qxe5+ 0-1

[Event "29th Czech Rapid G1 2018"]
[Site "Pardubice CZE"]
[Date "2018.07.18"]
[Round "1.7"]
[White "Vorobiov, Evgeny E."]
[Black "Mojzis, Jaroslav"]
[Result "1-0"]
[WhiteTitle "GM"]
[BlackTitle "FM"]
[WhiteElo "2564"]
[BlackElo "2099"]
[WhiteFideId "4121341"]
[BlackFideId "302325"]
[EventDate "2018.07.18"]

1. d4 Nf6 2. c4 e6 3. Nf3 b6 4. Bf4 Bb7 5. e3 c5 6. d5 exd5 7. Nc3 dxc4 8. Nb5
Na6 9. Bxc4 d5 10. Qa4 Nd7 11. Bxd5 Bxd5 12. Qxa6 Rc8 13. O-O-O Bc6 14. Nxa7 Ra8
15. Nxc6 Rxa6 16. Nxd8 Kxd8 17. Ne5 Ra7 1-0

[Event "29th Czech Rapid G1 2018"]
[Site "Pardubice CZE"]
[Date "2018.07.18"]
[Round "1.8"]
[White "Zlatin, Alexander"]
[Black "Stocek, Jiri"]
[Result "1/2-1/2"]
[BlackTitle "GM"]
[WhiteElo "2200"]
[BlackElo "2586"]
[WhiteFideId "2810549"]
[BlackFideId "304760"]
[EventDate "2018.07.18"]

1. e4 c5 2. c3 Nf6 3. e5 Nd5 4. d4 cxd4 5. Nf3 e6 6. cxd4 b6 7. Be2 Bb4+ 8. Bd2
Bxd2+ 9. Qxd2 O-O 10. O-O Bb7 11. Na3 d6 12. Nb5 dxe5 13. dxe5 Nc6 14. Rfc1 Qe7
15. Nbd4 Rac8 16. Nxc6 Bxc6 17. Nd4 Bd7 18. a3 a5 19. Bf3 h6 20. g3 a4 21. Nf5
exf5 22. Qxd5 Be6 23. Qd4 Qa7 24. Qe3 Qa5 25. Be2 Rc5 26. Rxc5 bxc5 27. Rc1 Rc8
28. Bc4 Qb6 29. Bxe6 fxe6 30. Qc3 c4 31. Rd1 Rc6 32. Rd7 Qc5 33. Rd6 Rxd6 34.
exd6 Qxd6 35. Qxc4 Qd1+ 36. Kg2 Kf7 37. Qc7+ Kf6 38. Qb8 Qd7 39. h4 e5 40. Qb6+
Kf7 41. Kh2 Qd4 42. Qc7+ Kg6 43. Qc6+ Kh7 44. Qc2 e4 45. Kg2 Qd5 46. Kg1 Qb5 47.
Kg2 Kg6 48. Kg1 Kf6 49. Qc3+ Kf7 50. Qc7+ Kg6 51. Qc3 Qb6 52. Kg2 Qb7 53. Kh2
Qb5 54. Kg2 Kh7 55. Kg1 Qe2 56. Qd4 Qb5 57. Qc3 g5 58. Qf6 gxh4 59. Qf7+ Kh8 60.
Qf8+ 1/2-1/2

[Event "29th Czech Rapid G1 2018"]
[Site "Pardubice CZE"]
[Date "2018.07.18"]
[Round "1.9"]
[White "Schlosser, Philipp"]
[Black "Kutynec, Vladimir"]
[Result "1-0"]
[WhiteTitle "GM"]
[BlackTitle "IM"]
[WhiteElo "2501"]
[BlackElo "2273"]
[WhiteFideId "4600169"]
[BlackFideId "4119843"]
[EventDate "2018.07.18"]

1. Nf3 d5 2. g3 e6 3. Bg2 Nf6 4. O-O b5 5. d3 Bb7 6. Nbd2 Bc5 7. c4 dxc4 8. dxc4
bxc4 9. Nxc4 Qxd1 10. Rxd1 Ng4 11. e3 Nd7 12. b3 Bd5 13. Bb2 Ngf6 14. Rac1 a5
15. Nfe5 Nxe5 16. Nxe5 Bxg2 17. Kxg2 Bd6 18. Nc4 O-O 19. Nxd6 cxd6 20. Rxd6 a4
21. b4 a3 22. Bxf6 gxf6 23. b5 Rfc8 24. Rdc6 Rd8 25. b6 Rab8 26. R1c3 Kg7 27.
Rxa3 Rd2 28. Ra7 Rb2 29. Rcc7 R2xb6 30. Rxf7+ Kg6 31. Rxh7 f5 32. h4 Ra8 33.
Rxa8 Kxh7 34. a4 1-0

[Event "29th Czech Rapid G1 2018"]
[Site "Pardubice CZE"]
[Date "2018.07.18"]
[Round "1.10"]
[White "Krouzel, Jaroslav"]
[Black "Geller, Jakov"]
[Result "1/2-1/2"]
[WhiteTitle "FM"]
[BlackTitle "GM"]
[WhiteElo "2079"]
[BlackElo "2518"]
[WhiteFideId "301566"]
[BlackFideId "4151984"]
[EventDate "2018.07.18"]

1. d4 d5 2. Nf3 Nf6 3. Bf4 c5 4. e3 Nc6 5. c3 Qb6 6. b3 cxd4 7. exd4 Bg4 8. Be2
e6 9. O-O Be7 10. Nbd2 O-O 11. Ne5 Bxe2 12. Qxe2 Rac8 13. Rac1 Ba3 14. Rb1 a5
15. h3 Rfe8 16. Qf3 Nxe5 17. dxe5 Ne4 18. Nxe4 dxe4 19. Qxe4 Red8 20. Bg5 Rd5
21. Be3 Qc7 22. Bd4 Bc5 23. Rb2 Bxd4 24. cxd4 Qc3 25. Re2 Qxd4 26. Qxd4 Rxd4 27.
f4 g6 28. Rff2 h5 29. h4 Kf8 30. Rd2 Rcd8 31. Rxd4 Rxd4 32. Kh2 Ke7 33. Kg3 Kd7
34. Rc2 a4 35. Rc3 b5 36. bxa4 bxa4 37. Kf3 Rb4 38. g3 Rb2 39. Ra3 Rb4 40. Rc3
Ke7 41. Rc7+ Kf8 42. Rc3 Kg7 43. Rd3 Rb7 44. Ra3 Ra7 45. Rc3 f6 46. exf6+ Kxf6
47. Rc4 a3 48. Rc3 Ra4 49. Rb3 Ra5 50. Re3 Kf5 51. Rb3 e5 52. fxe5 Kxe5 53. Ke3
Kf5 54. Kf3 g5 55. hxg5 Kxg5 56. Rc3 Kf6 57. Re3 Kf5 58. Re8 Rc5 59. Re3 Ra5 60.
Re8 Ra7 61. Re3 Kg5 62. Re5+ Kg6 63. Re6+ Kf5 64. Re3 Ra6 65. Re8 Rf6 66. Ra8
Kg5+ 67. Kg2 Rc6 68. Rxa3 Rc2+ 69. Kh3 Rb2 70. Ra5+ Kg6 71. a4 Ra2 72. Ra6+ Kf5
73. Ra8 Kg5 74. a5 Kf5 75. a6 Kg6 76. a7 Kg7 77. Kh4 Ra5 78. Kh3 Ra2 1/2-1/2

[Event "29th Czech Rapid G1 2018"]
[Site "Pardubice CZE"]
[Date "2018.07.18"]
[Round "1.12"]
[White "Tsvetkov, Andrey"]
[Black "Shyam, Sundar M."]
[Result "0-1"]
[WhiteTitle "CM"]
[BlackTitle "GM"]
[WhiteElo "2259"]
[BlackElo "2527"]
[WhiteFideId "34139360"]
[BlackFideId "5019141"]
[EventDate "2018.07.18"]

1. d4 Nf6 2. c4 c5 3. d5 b5 4. cxb5 a6 5. bxa6 g6 6. Nc3 Bg7 7. e4 O-O 8. a7
Rxa7 9. Nf3 e6 10. Be2 Ba6 11. O-O exd5 12. exd5 d6 13. Bf4 Nh5 14. Bg5 Qb6 15.
Qb3 Nd7 16. Qxb6 Nxb6 17. Bxa6 Rxa6 18. Be7 Rc8 19. Bxd6 Bxc3 20. bxc3 Nxd5 21.
Be5 f6 22. Rfd1 Nb6 23. Bg3 Rca8 24. Bd6 Na4 25. c4 Nc3 26. Rd3 Ne4 27. Bg3 Rxa2
28. Rxa2 Rxa2 29. h3 Nhxg3 30. fxg3 Nxg3 31. Rd8+ Kg7 32. Rd7+ Kh6 33. Rc7 Ne2+
34. Kf1 Nf4 35. Rxc5 Ra1+ 0-1

[Event "29th Czech Rapid G1 2018"]
[Site "Pardubice CZE"]
[Date "2018.07.18"]
[Round "1.13"]
[White "Lalic, Bogdan"]
[Black "Fedotov, Konstantin"]
[Result "1-0"]
[WhiteTitle "GM"]
[WhiteElo "2394"]
[BlackElo "2017"]
[WhiteFideId "409081"]
[BlackFideId "4145895"]
[EventDate "2018.07.18"]

1. c4 c6 2. d4 d5 3. Nc3 Nf6 4. e3 g6 5. Nf3 Bg7 6. Be2 O-O 7. O-O dxc4 8. Bxc4
Bg4 9. h3 Bxf3 10. Qxf3 Nbd7 11. Rd1 Qc7 12. Bb3 Rad8 13. e4 e5 14. d5 Nc5 15.
Bg5 Rd6 16. dxc6 Rxc6 17. Bd5 Rb6 18. Rac1 Qb8 19. Be3 Nfd7 20. b3 Kh8 21. Qe2
f5 22. f3 a6 23. Nb1 Rc8 24. Nd2 Rf6 25. Nc4 b6 26. Rc2 h6 27. b4 Na4 28. Rdc1
Rff8 29. Be6 Rcd8 30. exf5 gxf5 31. Bf2 e4 32. fxe4 fxe4 33. Qxe4 b5 34. Na5 Ne5
35. Bb3 Nd3 36. Rf1 Nc3 37. Rxc3 Bxc3 38. Nc6 Nxf2 39. Qh4 Qf4 40. Qxf4 Rxf4 41.
Nxd8 Bxb4 42. Rc1 Nd3 43. Rc8 Bc5+ 44. Kh2 Rf8 45. h4 Bd6+ 46. g3 Nf2 47. Nf7+
Kg7 48. Nxd6 Ng4+ 49. Kh3 Nf2+ 50. Kg2 Nd3 51. Rxf8 Kxf8 52. Kf3 Ke7 53. Nf5+
Kf6 54. Nxh6 a5 55. Ng4+ Ke7 56. Ke3 Nc5 57. Kd4 Nd7 58. Ne5 Nf6 59. a4 bxa4 60.
Bxa4 Nh5 61. g4 Ng3 62. Ke3 Ke6 63. Nf3 Nf1+ 64. Kf4 Kf6 65. Bb5 Kg6 66. Bxf1 1-0

[Event "29th Czech Rapid G1 2018"]
[Site "Pardubice CZE"]
[Date "2018.07.18"]
[Round "1.14"]
[White "Pein, Jonathan"]
[Black "Deepan, Chakkravarthy J."]
[Result "0-1"]
[BlackTitle "GM"]
[WhiteElo "2106"]
[BlackElo "2519"]
[WhiteFideId "417092"]
[BlackFideId "5011132"]
[EventDate "2018.07.18"]

1. Nf3 Nc6 2. e4 e5 3. Nc3 Nf6 4. d4 exd4 5. Nd5 Bc5 6. Bg5 d6 7. a3 Be6 8. b4
Bb6 9. Bb5 O-O 10. Nxb6 axb6 11. Nxd4 h6 12. Nxe6 fxe6 13. Bxc6 bxc6 14. Bxf6
Qxf6 15. O-O Qc3 16. Qd3 Qxd3 17. cxd3 c5 18. Rfc1 e5 19. Kf1 Ra4 20. Ke2 cxb4
21. Rxc7 bxa3 22. Ra2 b5 23. f3 Rb8 24. Rc3 b4 25. Rb3 Kf7 26. d4 Rc8 27. Kd3 g5
28. g3 Rc1 29. dxe5 dxe5 30. f4 gxf4 31. gxf4 exf4 32. e5 Ke6 33. Ke4 Rc3 34.
Rxc3 bxc3+ 0-1

[Event "29th Czech Rapid G1 2018"]
[Site "Pardubice CZE"]
[Date "2018.07.18"]
[Round "1.16"]
[White "Bystrov, Sergej M."]
[Black "Bryzgalin, Kirill"]
[Result "0-1"]
[WhiteTitle "IM"]
[BlackTitle "GM"]
[WhiteElo "2233"]
[BlackElo "2424"]
[WhiteFideId "4118561"]
[BlackFideId "4133285"]
[EventDate "2018.07.18"]

1. d4 d5 2. Bf4 c6 3. e3 Qb6 4. Qc1 Bf5 5. Nf3 e6 6. Be2 Nd7 7. O-O h6 8. c4
Ngf6 9. h3 Be7 10. Nc3 a5 11. Ne5 O-O 12. Rd1 Rfe8 13. c5 Qa7 14. Bd3 Bxd3 15.
Nxd3 b6 16. Na4 bxc5 17. Naxc5 Bxc5 18. Nxc5 Nxc5 19. Qxc5 Qxc5 20. dxc5 e5 21.
Bh2 Rab8 22. Rd2 Nd7 23. Rc1 Rb5 24. Rdc2 f6 25. b3 Kf7 26. f3 Ke6 27. Bg3 Ra8
28. Be1 g5 29. g4 Rd8 30. Kg2 Nb8 31. a4 Rxb3 32. Bxa5 Rd7 33. Rc3 Rxc3 34. Bxc3
Na6 35. Ba5 d4 36. Kf2 dxe3+ 37. Kxe3 Rd4 38. Bb6 Rxa4 39. Rd1 Nb4 40. Rd6+ Kf7
41. Bd8 Nd5+ 42. Ke2 Rd4 43. Ba5 Nf4+ 44. Ke3 Rxd6 0-1

[Event "29th Czech Rapid G1 2018"]
[Site "Pardubice CZE"]
[Date "2018.07.18"]
[Round "1.17"]
[White "Zwardon, Vojtech"]
[Black "Kyrychenko, Maryan"]
[Result "1-0"]
[WhiteTitle "IM"]
[BlackTitle "FM"]
[WhiteElo "2424"]
[BlackElo "2152"]
[WhiteFideId "325511"]
[BlackFideId "14137178"]
[EventDate "2018.07.18"]

1. c4 e5 2. g3 Nf6 3. Bg2 c5 4. Nc3 Nc6 5. a3 d6 6. d3 h6 7. Nf3 Be6 8. b4 e4 9.
dxe4 Bxc4 10. b5 Ne5 11. Qa4 Be6 12. Bf4 Nfd7 13. Rd1 Qf6 14. Bxe5 dxe5 15. b6
Be7 16. bxa7 b5 17. Nxb5 O-O 18. Nc7 Nb6 19. Qc6 Bb3 20. Qxf6 gxf6 21. Nxa8 Rxa8
22. Rb1 c4 23. Nd2 Rxa7 24. Nxb3 cxb3 25. Rxb3 Nc4 26. O-O Rxa3 27. Rb8+ Kg7 28.
Rc1 Ra4 29. Bh3 Nd6 30. Rc7 Bf8 31. Rd7 Nxe4 32. Rdd8 Ng5 33. Bf5 1-0

[Event "29th Czech Rapid G1 2018"]
[Site "Pardubice CZE"]
[Date "2018.07.18"]
[Round "1.18"]
[White "Roenko, Artur"]
[Black "Belyakov, Bogdan"]
[Result "0-1"]
[BlackTitle "IM"]
[WhiteElo "2162"]
[BlackElo "2489"]
[WhiteFideId "14136732"]
[BlackFideId "24104795"]
[EventDate "2018.07.18"]

1. d4 Nf6 2. c4 g6 3. Nc3 Bg7 4. e4 d6 5. Be2 O-O 6. Bg5 h6 7. Be3 c5 8. d5 e6
9. Qd2 exd5 10. exd5 Kh7 11. h3 Re8 12. Nf3 Ne4 13. Nxe4 Rxe4 14. O-O Qf6 15.
Rab1 Re8 16. Ne1 Bf5 17. Bd3 Nd7 18. Bxf5 Qxf5 19. Qd3 Re4 20. Nf3 Ne5 21. Nxe5
Qxe5 22. b4 cxb4 23. Rxb4 b6 24. a4 Rc8 25. Rc1 Qf5 26. Qd1 g5 27. g4 Qg6 28.
Qf3 Bd4 29. Bxd4 Rxd4 30. Re1 Rcxc4 31. Rxc4 Rxc4 32. Re7 Rf4 33. Qc3 Qb1+ 34.
Kg2 Qa2 35. Qd3+ Kg7 36. Re2 Qxa4 37. Qc3+ Qd4 38. Qc6 Qc5 39. Qb7 a5 0-1

[Event "29th Czech Rapid G1 2018"]
[Site "Pardubice CZE"]
[Date "2018.07.18"]
[Round "1.19"]
[White "Sengupta, Deep"]
[Black "Mitra, Roman C"]
[Result "1-0"]
[WhiteTitle "GM"]
[WhiteElo "2565"]
[BlackElo "2104"]
[WhiteFideId "5008352"]
[BlackFideId "419540"]
[EventDate "2018.07.18"]

1. e4 c5 2. Nf3 a6 3. c3 d5 4. exd5 Qxd5 5. d4 e6 6. Na3 Nf6 7. Nc4 Qd8 8. Be3
cxd4 9. Bxd4 Nbd7 10. a4 Be7 11. a5 O-O 12. Bd3 Nd5 13. O-O Bf6 14. Be4 Bxd4 15.
Qxd4 N7f6 16. Rfd1 Qe7 17. Bc2 Bd7 18. Nce5 Rfd8 19. Qh4 h6 20. g4 Be8 21. g5
hxg5 22. Nxg5 Qc7 23. Bh7+ Kf8 24. Ng6+ 1-0

[Event "29th Czech Rapid G1 2018"]
[Site "Pardubice CZE"]
[Date "2018.07.18"]
[Round "1.20"]
[White "Slovak, Kilian"]
[Black "Mirzoev, Emil"]
[Result "0-1"]
[BlackTitle "IM"]
[WhiteElo "2285"]
[BlackElo "2412"]
[WhiteFideId "365440"]
[BlackFideId "14108640"]
[EventDate "2018.07.18"]

1. e4 e6 2. d4 d5 3. Nc3 Nc6 4. e5 f6 5. exf6 Qxf6 6. Nf3 Bd6 7. Bg5 Qf7 8. Be2
Nge7 9. O-O a6 10. Qd2 O-O 11. Rae1 Ng6 12. a3 h6 13. Be3 Nf4 14. Bxf4 Bxf4 15.
Qd1 Bd7 16. Bd3 Rae8 17. Ne2 Bd6 18. Ng3 e5 19. dxe5 Nxe5 20. Nxe5 Rxe5 21. Rxe5
Bxe5 22. c3 c6 23. Qc2 Qf4 24. Re1 Bd6 25. Re3 Qg5 26. Rf3 Rxf3 27. gxf3 h5 28.
Bf5 Bxf5 29. Qxf5 Qxf5 30. Nxf5 Bf4 31. b3 Kf7 32. h3 Kf6 0-1

[Event "29th Czech Rapid G1 2018"]
[Site "Pardubice CZE"]
[Date "2018.07.18"]
[Round "1.21"]
[White "Zilka, Stepan"]
[Black "Kukelko, Alexey"]
[Result "1/2-1/2"]
[WhiteTitle "GM"]
[WhiteElo "2517"]
[BlackElo "2196"]
[WhiteFideId "315303"]
[BlackFideId "14153084"]
[EventDate "2018.07.18"]

1. d4 d5 2. c4 e6 3. Nf3 Nf6 4. g3 Be7 5. Bg2 O-O 6. O-O dxc4 7. Ne5 Nc6 8. Nxc6
bxc6 9. Na3 Bxa3 10. bxa3 Ba6 11. Bxc6 Rb8 12. Qc2 Qxd4 13. Be3 Qd6 14. Qa4 Bb7
15. Bxb7 Rxb7 16. Qxc4 Rfb8 17. Bc5 Qd5 18. Rac1 h6 19. Rfd1 Qxc4 20. Rxc4 Rb1
21. Rxb1 Rxb1+ 22. Kg2 Rb2 23. e4 Rxa2 24. Ra4 a6 25. Kf3 Rc2 26. Bd4 Rc6 27. h3
Kf8 28. Ke3 Nd7 29. f4 f6 30. Kd3 e5 31. Be3 Ke7 32. Ra5 Kd8 33. f5 Kc8 34. g4
Rd6+ 35. Ke2 Kb7 36. h4 Nb6 37. Rc5 Na4 38. Rc4 Nb6 39. Rc3 Nd7 40. g5 hxg5 41.
hxg5 fxg5 42. Bxg5 c5 43. Rg3 Nf6 44. Bc1 Rd7 45. Ke3 c4 46. Ke2 Nxe4 47. Re3
Nd6 48. Rxe5 Rf7 49. Kd2 Nxf5 50. Kc3 Nd6 51. a4 Rf3+ 52. Kc2 Kc6 53. Rg5 Nf5
54. Bb2 Ne3+ 55. Kd2 Nd5 56. Bxg7 Rf2+ 57. Kc1 Ra2 58. Rg6+ Kb7 59. Rd6 Nb6 60.
Bd4 Nxa4 61. Rd5 Rg2 62. Ra5 Nb6 63. Rh5 Nd7 64. Rd5 Kc7 65. Ra5 Rg6 66. Kc2 Rc6
67. Kc3 Nb6 68. Bxb6+ Kxb6 69. Rh5 a5 70. Rh8 Kb5 71. Rb8+ Kc5 72. Ra8 Kb6 73.
Rb8+ Ka7 74. Rh8 Ka6 75. Ra8+ Kb5 76. Rb8+ Ka6 77. Ra8+ Kb6 78. Rb8+ Ka7 79. Rh8
Rc7 80. Rh4 Kb6 81. Rxc4 Rxc4+ 82. Kxc4 a4 83. Kb4 a3 84. Kxa3 1/2-1/2

[Event "29th Czech Rapid G1 2018"]
[Site "Pardubice CZE"]
[Date "2018.07.18"]
[Round "1.22"]
[White "Kolasa, Pjotrs"]
[Black "Zakhartsov, Viacheslav V."]
[Result "1/2-1/2"]
[BlackTitle "GM"]
[WhiteElo "2021"]
[BlackElo "2539"]
[WhiteFideId "11604255"]
[BlackFideId "4115333"]
[EventDate "2018.07.18"]

1. Nf3 g6 2. c4 Bg7 3. Nc3 c5 4. g3 Nc6 5. Bg2 e6 6. O-O Nge7 7. e3 O-O 8. d4
cxd4 9. Nxd4 Nxd4 10. exd4 d6 11. Bg5 h6 12. Be3 Nf5 13. Qd2 Qc7 14. b3 a6 15.
Rac1 Rb8 16. Be4 Nxe3 17. fxe3 Bd7 18. Bg2 Qa5 19. Ne4 Qxd2 20. Nxd2 f5 21. c5
Bb5 22. Rfe1 Rfd8 23. cxd6 Rxd6 24. Nc4 Bxc4 25. Rxc4 e5 26. dxe5 Bxe5 27. e4 b5
28. Rc2 Bd4+ 29. Kh1 Re8 30. Rce2 fxe4 31. Bxe4 Kg7 32. Bb7 Rxe2 33. Rxe2 a5 1/2-1/2

[Event "29th Czech Rapid G1 2018"]
[Site "Pardubice CZE"]
[Date "2018.07.18"]
[Round "1.23"]
[White "Hasangatin, Ramil"]
[Black "Dimitrov, Dejan"]
[Result "1-0"]
[WhiteTitle "GM"]
[WhiteElo "2497"]
[BlackElo "2096"]
[WhiteFideId "4122160"]
[BlackFideId "2911000"]
[EventDate "2018.07.18"]

1. e4 d5 2. exd5 Qxd5 3. Nf3 Nf6 4. d4 Bg4 5. Be2 e6 6. h3 Bh5 7. c4 Qd8 8. Qb3
Qc8 9. Nc3 Be7 10. Be3 O-O 11. g4 Bg6 12. Ne5 Nbd7 13. h4 c5 14. h5 cxd4 15.
Bxd4 Nxe5 16. Bxe5 Qc6 17. O-O Be4 18. Nxe4 Qxe4 19. Qe3 Qxe3 20. fxe3 Nd7 21.
Bd4 e5 22. Bc3 Bc5 23. Kf2 f5 24. gxf5 Rxf5+ 25. Kg2 Rg5+ 26. Kh3 Bxe3 27. h6
Bd4 28. Bxd4 exd4 29. Bf3 Rb8 30. Bd5+ Kh8 31. hxg7+ Rxg7 32. Rad1 Re8 33. Rxd4
h6 34. b3 Re3+ 35. Rf3 Re5 36. Bxb7 Rh5+ 37. Rh4 Rxh4+ 38. Kxh4 Ne5 39. Rf8+ Kh7
40. Be4+ Ng6+ 41. Kh5 a6 42. Rf6 1-0